000 00515nam a2200241Ia 4500
003 IT-RoPAU
008 120407s9999 xx 000 0 und d
040 _aIT-RoPAU
040 _cIT-RoPAU
041 _adeu
100 _aWilhelm M. Peitz
100 _cs.j.
245 _aDas Vorephesinische Simbol der Papstkanzlei
250 _aRoma
260 _aSaler
260 _c1939
300 _a128 p.
300 _c24 cm
490 _aMiscell. Hist. Pont.
490 _v1
942 _cBK
999 _c25085
_d25085